[Event "HCL-T250"]
[Site "www.playchess.de"]
[Date "2006.01.19"]
[Round "3"]
[White "manifold"]
[Black "Grabanzito"]
[WhiteElo "1509"]
[BlackElo "1725"]
[PlyCount "88"]
[Result "0-1"]

1.e4 c5 2.d4 cxd4 3.c3 dxc3 4.Nxc3 Nc6 5.Nf3 d6 
6.Bc4 e6 7.Bg5 Be7 8.Bxe7 Ngxe7 9.Qd2 a6 10.O-O 
O-O 11.Rfd1 Qc7 12.Qxd6 Qb6 13.Na4 Qa5 14.Bb3 e5 
15.Rdc1 Bg4 16.Rc5 Qb4 17.Nxe5 Rad8 18.Nxc6 Nxc6 
19.Qf4 Bd1 20.Qe3 Bxb3 21.axb3 Rfe8 22.Rc4 Qd2 
23.Qxd2 Rxd2 24.Nc3 Rxb2 25.Rb1 Rxb1+ 26.Nxb1 Na5 
27.Rc3 f5 28.Nd2 Rd8 29.Rc5 Nxb3 {What is that ?}  
30.Rxf5 Nxd2 31.f3 b5 32.Rc5 b4 33.Rc6 Ra8 34.Rd6 
Nc4 35.Rc6 Ne5 36.Re6 Nf7 37.Rb6 a5 38.f4 Nd8 
39.Kf2 Kf7 40.Ke3 Ra7 41.Kd2 Ne6 42.Ke3 Nc5 43.Rb5 
b3 {I guess I wont get my new queen for free}  
44.Rxc5 {I don´t think that}  a4 {As long as I'll 
get it...}  0-1

[Event "HCL-C4094"]
[Site "www.playchess.de"]
[Date "2006.01.19"]
[Round "6"]
[White "DavidFields"]
[Black "nichju"]
[WhiteElo "1165"]
[BlackElo "999"]
[PlyCount "93"]
[Result "1-0"]

1.d4 {hello from Texas,USA}  d5 {Hello and good 
luck from Germany (near Frankfurt)}  2.c4 e6 3.c5 
Nc6 4.f4 Nf6 5.e3 Be7 6.Bb5 Bd7 7.Nf3 Ne4 8.O-O 
O-O 9.Nbd2 a6 10.Bd3 f5 11.a3 Rf6 12.Ng5 Rh6 
13.Ngxe4 dxe4 14.Nxe4 fxe4 15.Bxe4 Bh4 16.d5 exd5 
17.Bxd5+ Kf8 18.b4 Rg6 19.f5 Rg5 20.e4 Qf6 21.Bxg5 
Bxg5 22.Be6 Be3+ 23.Kh1 Bxe6 24.fxe6 Bf4 25.g3 Rd8 
26.Qg4 g5 27.gxf4 Ke7 28.f5 Ne5 29.Qg3 h5 30.Rfg1 
Ng4 31.Qxc7+ Ke8 32.c6 Nf2+ 33.Kg2 Nxe4 34.Ra2 
Qxf5 35.Qf7+ Qxf7 36.exf7+ Kxf7 37.c7 Rc8 38.Rc2 
h4 39.Kf3 Nf6 40.Rd1 g4+ 41.Kf4 Kg6 42.Rd8 g3 
43.Rxc8 Nd5+ 44.Ke5 Ne3 45.Rg8+ Kf7 46.c8Q g2 
47.Qe8+ 1-0

[Event "HCL-B3823"]
[Site "www.playchess.de"]
[Date "2006.01.19"]
[Round "13"]
[White "val2005"]
[Black "RUDI"]
[WhiteElo "1512"]
[BlackElo "1234"]
[PlyCount "62"]
[Result "1/2-1/2"]

1.d4 d5 {hi from south-germany!}  2.Nf3 {Hello, I 
am from Managua, Nicaragua, it´s in Central 
America}  Bf5 {you got good coffee there, right?}  
3.Bf4 {very good coffe and many beatiful places 
for tourist...}  e6 {and no snow, I guess, and 
nice and warm...}  4.e3 {the war is in the 
past...}  Nc6 {yes, was very bad and injust. you 
say now it`s very nice, I wish I could be there 
now. It`s quite cold here these days.}  5.a3 Bd6 
6.Bxd6 Qxd6 7.Nbd2 Nf6 8.c4 O-O 9.c5 Qe7 10.b4 a6 
11.h3 h6 12.Rc1 Rfc8 13.Nb3 Nd8 14.Bd3 b5 15.O-O 
c6 16.Nh2 Ne4 17.Bxe4 dxe4 18.Qe1 Nb7 19.f3 Rcd8 
20.Qg3 a5 21.Rca1 axb4 22.axb4 Ra4 23.fxe4 Bxe4 
24.Nd2 Bd3 25.Rxa4 bxa4 26.Ra1 Ra8 27.Ra3 Bb5 
28.Ne4 Kh8 29.Nf3 Kh7 30.Nc3 Nd8 31.Ne5 Qg5 
{(offering draw)}  1/2-1/2

[Event "HCL-E1521"]
[Site "www.playchess.de"]
[Date "2006.01.19"]
[Round "2"]
[White "ZorMaster"]
[Black "Eishockeytorwart"]
[WhiteElo "1752"]
[BlackElo "1944"]
[PlyCount "77"]
[Result "1/2-1/2"]

1.c4 {Hello. All the  best & greetings}  e5 {hello 
and welcome from germany}  2.Nc3 {:>)}  Nc6 3.g3 
Nf6 4.Bg2 Bc5 5.Nf3 O-O 6.O-O d6 7.d3 Bb6 8.Bg5 h6 
9.Bxf6 Qxf6 10.Nd5 Qd8 11.e3 Bg4 12.Qc2 Qd7 13.a3 
Bh3 14.Bxh3 Qxh3 15.b4 Qe6 {merry christmas}  
16.Nh4 {Merry Christmas!}  Rfe8 17.Rac1 Nb8 18.e4 
c6 19.Nxb6 axb6 20.Rca1 Nd7 21.a4 Ra7 22.Nf5 g6 
23.Ne3 Rea8 24.Ra3 {:)}  Nf6 25.f4 Kg7 26.Ra2 Nd7 
27.f5 Qe7 28.Qb3 Qg5 29.Rf3 Qf6 30.Qd1 g5 31.Ng4 
Qd8 32.d4 Nf6 33.Nxf6 Qxf6 34.d5 c5 35.g4 Kh7 
36.Qb3 Qe7 37.Rf1 Qd7 38.Rfa1 Kg8 39.Kg2 
{(offering draw)}  1/2-1/2

[Event "HCL-B3785"]
[Site "www.playchess.de"]
[Date "2006.01.19"]
[Round "33"]
[White "evets"]
[Black "ulibear"]
[WhiteElo "1445"]
[BlackElo "1302"]
[PlyCount "53"]
[Result "1-0"]

1.d4 Nf6 2.Nd2 e6 3.Ngf3 c5 4.c3 cxd4 5.cxd4 Bb4 
6.a3 Be7 7.e3 O-O 8.Bd3 Nc6 9.O-O d5 10.Re1 Re8 
11.e4 dxe4 12.Nxe4 Nxe4 13.Bxe4 Bd7 14.Qd3 g6 
15.Ne5 Rc8 16.Nxc6 bxc6 17.Bh6 f5 18.Bf3 Bg5 
19.Bxg5 Qxg5 20.Re5 Qf6 21.Rc1 Rcb8 22.b4 Rec8 
23.Rcc5 Rb5 24.Rc1 Rxe5 25.dxe5 Qe7 26.Qa6 Be8 
27.Qxc8 1-0

[Event "HCL-B3807"]
[Site "www.playchess.de"]
[Date "2006.01.19"]
[Round "9"]
[White "Genrry28"]
[Black "Ventzi"]
[WhiteElo "1200"]
[BlackElo "1200"]
[PlyCount "59"]
[Result "1-0"]

1.e4 e5 2.Nf3 d6 3.d4 Bg4 4.d5 c6 5.c4 Nf6 6.Nc3 
Qa5 7.Bd3 Nbd7 8.O-O {HAPPY NEW YEAR 2006!! :)}  
Nc5 9.Bc2 O-O-O 10.a3 b5 11.b4 Qb6 12.Be3 Qb7 
13.bxc5 dxc5 14.Rb1 Qa6 15.cxb5 cxb5 16.Rxb5 Qxa3 
17.Qa1 Qxa1 18.Rxa1 Bd7 19.Rb2 Bd6 20.Rxa7 Rhe8 
21.Bd3 Bb5 22.Rxb5 Rd7 23.Bxc5 Rxa7 24.Bxa7 Re7 
25.Bc5 Ne8 26.Bxd6 Nxd6 27.Rb6 Ne8 28.Ba6+ Kc7 
29.Rb7+ Kd6 30.Nb5+ 1-0

[Event "HCL-C4102"]
[Site "www.playchess.de"]
[Date "2006.01.19"]
[Round "3"]
[White "Maneco"]
[Black "nichju"]
[WhiteElo "1191"]
[BlackElo "1056"]
[PlyCount "23"]
[Result "1-0"]

1.e4 {Hello!}  e5 {Hello and good luck to you}  
2.Nf3 Nc6 3.Bc4 Bc5 4.O-O Nf6 5.Ng5 h6 6.Nxf7 Qe7 
7.Nxh8 Nxe4 8.Qh5+ Kd8 9.Nf7+ Ke8 10.Nxe5+ Kf8 
11.Ng6+ {I´m sorry!}  Ke8 12.Nxe7+ 1-0

[Event "HCL-B3735"]
[Site "www.playchess.de"]
[Date "2006.01.19"]
[Round "13"]
[White "Ivan_Lacerda"]
[Black "King_Slayer"]
[WhiteElo "1163"]
[BlackElo "1268"]
[PlyCount "109"]
[Result "1-0"]

1.e4 e6 2.Nf3 d5 3.e5 c5 4.d4 Nc6 5.c3 Bd7 6.a4 
Nge7 7.dxc5 Qc7 8.b4 Nxe5 9.Nxe5 Qxe5+ 10.Qe2 Qc7 
11.g3 Nc6 12.Bf4 e5 13.Bd2 Be7 14.Bg2 e4 15.Bf4 
Ne5 16.Nd2 Bf6 17.O-O O-O 18.Nb3 Qc8 19.Nd4 Ng6 
20.Be3 Ne5 21.f4 Nd3 22.Ra3 Bg4 23.Qd2 Re8 24.Nb3 
Qd7 25.Nc1 Nxc1 26.Rxc1 b6 27.b5 bxc5 28.Bxc5 Rac8 
29.Bb4 e3 30.Qd3 e2 31.Re1 Bf5 32.Qxd5 Qxd5 
33.Bxd5 Rcd8 34.c4 Bd4+ 35.Kg2 Bg4 36.h3 Bh5 
37.Bf3 Bxf3+ 38.Kxf3 Re6 39.Rxe2 Rxe2 40.Kxe2 f6 
41.Rd3 Kf7 42.f5 Ke8 43.c5 Rd5 44.c6 Re5+ 45.Kd2 
Bb6 46.g4 Kf7 47.Rd7+ Kg8 48.c7 Bxc7 49.Rxc7 Re4 
50.Kc3 Re3+ 51.Kb2 Rxh3 52.Rxa7 Rh4 53.b6 Rxg4 
54.Kb3 Rg3+ 55.Bc3 1-0

[Event "HCL-B3828"]
[Site "www.playchess.de"]
[Date "2006.01.19"]
[Round "4"]
[White "ama49"]
[Black "nichju"]
[WhiteElo "1135"]
[BlackElo "946"]
[PlyCount "69"]
[Result "1-0"]

1.e4 e5 2.Nf3 Nc6 3.d4 d6 4.dxe5 dxe5 5.Bb5 Bd7 
6.Nc3 Bb4 7.Bd2 Nf6 8.O-O O-O 9.Re1 Ng4 10.Nd5 a5 
11.h3 Nf6 12.Nxf6+ Qxf6 13.Bxb4 Nxb4 14.Bxd7 Rfd8 
15.c3 Nc6 16.Re3 Qe7 17.Rd3 b5 18.Bxc6 Rab8 
19.Rxd8+ Rxd8 20.Qb3 b4 21.cxb4 axb4 22.Bd5 h6 
23.Rd1 c6 24.Bxc6 Rxd1+ 25.Qxd1 Qa7 26.Qb3 Qa5 
27.Bd5 g5 28.Bxf7+ Kg7 29.Bd5 Kf6 30.g4 Qc5 31.Qc4 
Qa5 32.Qc6+ Ke7 33.Nxe5 b3 34.Qe6+ {gg}  Kf8 
35.Qf7+ 1-0

[Event "HCL-B3820"]
[Site "www.playchess.de"]
[Date "2006.01.19"]
[Round "3"]
[White "dynamike"]
[Black "GMO"]
[WhiteElo "1610"]
[BlackElo "1337"]
[PlyCount "87"]
[Result "1-0"]

1.e4 e5 2.Nf3 d6 3.Bc4 h6 4.d4 exd4 5.Nxd4 Nf6 
6.Nc3 Qe7 7.O-O Bd7 8.Nd5 Nxd5 9.exd5 Qf6 10.Be3 
Be7 11.Re1 O-O 12.c3 a6 13.Qd2 b5 14.Bb3 a5 15.Bc2 
a4 16.Qd3 Qg6 17.Qe2 Qf6 18.Nf3 Bg4 19.Bd4 Bxf3 
20.Bxf6 Bxe2 21.Bxe7 Re8 22.Rxe2 f6 23.Bg6 Rc8 
24.Bf5 Re8 25.Rae1 Na6 26.Be6+ Kh8 27.Bf7 Reb8 
28.a3 Nc5 29.R2e3 Nd7 30.f4 Nc5 31.Rh3 Kh7 32.f5 
Nd7 33.Bg6+ Kh8 34.g4 Ne5 35.g5 Nxg6 36.fxg6 fxg5 
37.Bxg5 Kg8 38.Bd2 Rbf8 39.Re7 Rac8 40.Bxh6 gxh6 
41.Rxh6 Rce8 42.Rxe8 Rxe8 43.Rh7 Rc8 
44.h4 1-0

[Event "HCL-C4020"]
[Site "www.playchess.de"]
[Date "2006.01.19"]
[Round "9"]
[White "epenz"]
[Black "Kelthek"]
[WhiteElo "937"]
[BlackElo "597"]
[PlyCount "102"]
[Result "0-1"]

1.e4 {hi}  e6 {hello and good luck to you}  2.Nf3 
d5 3.Bb5+ c6 4.Ba4 Bc5 5.O-O Nf6 6.d3 Ng4 7.h3 Nf6 
8.Re1 O-O 9.Bg5 Bb6 10.Nbd2 Nbd7 11.d4 Qc7 12.Bxf6 
Nxf6 13.e5 c5 14.c3 c4 15.b3 Ba5 16.Qc2 Bd7 
17.Bxd7 Qxd7 18.bxc4 dxc4 19.Nxc4 Qb5 20.Nd6 Qd5 
21.a4 Qc6 22.Red1 Bxc3 23.Rdc1 Nd5 24.Rab1 b6 
25.Nb5 a5 26.Nxc3 Rfc8 27.Rb3 Nxc3 28.Rxc3 Qxc3 
29.Qxc3 Rxc3 30.Rxc3 Rb8 31.Nd2 b5 32.axb5 g6 
33.Rb3 a4 34.Rb4 a3 35.b6 a2 36.Nb3 f5 37.Kf1 h5 
38.Ke2 g5 39.Kd2 h4 40.Kc2 g4 41.Kb2 f4 42.Kxa2 f3 
43.Nc5 fxg2 44.Rb1 gxh3 45.b7 h2 46.Nxe6 g1Q 
47.Nc5 h1Q 48.Rxg1+ Qxg1 49.e6 Qxf2+ 50.Kb3 Qxd4 
51.Nd7 Rxb7+ 0-1

[Event "HCL-B3761"]
[Site "www.playchess.de"]
[Date "2006.01.19"]
[Round "2"]
[White "ama49"]
[Black "Rale"]
[WhiteElo "1155"]
[BlackElo "1300"]
[PlyCount "88"]
[Result "0-1"]

1.e4 {Greetings from Scotland}  e6 2.d4 d5 3.exd5 
exd5 4.Nf3 Nc6 5.Bb5 Bd7 6.Nc3 Nf6 7.O-O Be7 8.Bg5 
Ne4 9.Bxe7 Nxe7 10.Bxd7+ Qxd7 11.Re1 Nxc3 12.bxc3 
O-O 13.Ne5 Qd6 14.h3 c6 15.c4 f6 16.c5 Qc7 17.Nf3 
Ng6 18.c3 Rfe8 19.Qd2 Qf4 20.Qxf4 Nxf4 21.Rxe8+ 
Rxe8 22.Rb1 Re7 23.Re1 Rxe1+ 24.Nxe1 Ne2+ 25.Kf1 
Nxc3 26.a3 Kf7 27.Nc2 Ke6 28.Ke1 Kf5 29.Kd2 Nb5 
30.Ke3 b6 31.a4 Nc3 32.a5 bxa5 33.g4+ Kg5 34.Kf3 
a4 35.Kg3 Nb5 36.f4+ Kg6 37.f5+ Kf7 38.Kf4 a3 
39.h4 a2 40.g5 Nxd4 41.Na1 a5 42.g6+ hxg6 43.fxg6+ 
Kf8 44.Ke3 Nf5+ 0-1

[Event "HCL-B3836"]
[Site "www.playchess.de"]
[Date "2006.01.19"]
[Round "7"]
[White "IRONMAIDEN"]
[Black "PhilipKaveny"]
[WhiteElo "1293"]
[BlackElo "1353"]
[PlyCount "63"]
[Result "1-0"]

1.e4 {Hi Philip, how are you?}  e5 {Great I love 
your name}  2.Nf3 {so you love Metal!}  Nc6 
{Sliver feathers and iron butterflys delight  my 
soul}  3.Bc4 {AND IRON MAIDEN ROCKS YOU TILL YOU 
DROP}  Nf6 {Lets see if you she goes for it}  4.d3 
Bc5 5.O-O {he goes for it}  O-O 6.Nc3 a6 7.Nd5 
Nxd5 8.Bxd5 d6 9.a3 Ne7 10.b4 Ba7 11.Bb3 Bg4 
12.Qe2 Rc8 13.Be3 {I must take revenge for RUDI`s 
defeat now, as he`s taking a short vacation in 
A-League}  Bxe3 {so you watched my game with Rudi. 
Rudi is a fine fellow}  14.Qxe3 {You are connected 
with the same computer, if you know what I mean. 
Thanks, you are a good mate to play with and same 
strength, that makes it interesting for both.}  
Bxf3 {Your English is very good. I must learn 
German for academic work I so}  15.Qxf3 {so? you 
wanna write your messages in german?}  Ng6 {Now I 
mean I need to learn German to do some reasearch 
in culture studies. Does everybody in Germany know 
English?}  16.c3 {no, not everybody. it`s taught 
as a second language to the most pupils, but very 
poorly in many cases. You do this as a hobby?}  c5 
{Chess of culture studies :) I am an obscure 
academic literary critic}  17.c4 {interesting}  b5 
18.g3 bxc4 19.Bxc4 {the bigger board is nice, but 
still you get to get used to it for a few hours. 
what`s your size now?}  cxb4 {Yes I use the big 
board also Loks Like I gbet a bad pawn structure 
or a passed pawn.}  20.axb4 Qg5 21.Qf5 Qd2 22.Rxa6 
Ne7 23.Qf3 Qxb4 24.Rfa1 Qc3 25.Qd1 Qd4 26.Qb3 Ng6 
{You are clever}  27.Qb7 {you are, if you can read 
my plans}  Kh8 {You have me right where I want 
you}  28.R6a8 {where are you?}  Rxc4 {Here and now 
in Eau Claire Wisconsin}  29.dxc4 h6 30.Rxf8+ Nxf8 
31.Ra8 Qd1+ 32.Kg2 1-0

[Event "HCL-C4083"]
[Site "www.playchess.de"]
[Date "2006.01.19"]
[Round "14"]
[White "O_Man"]
[Black "epenz"]
[WhiteElo "1100"]
[BlackElo "952"]
[PlyCount "21"]
[Result "1-0"]

1.e4 e5 2.Nf3 Nc6 3.Bc4 h6 4.d4 d6 5.dxe5 Nxe5 
6.Nxe5 dxe5 7.Bxf7+ Ke7 8.Bd5 Nf6 9.Be3 c6 10.Bc5+ 
Ke8 11.Bf7+ 1-0

[Event "HCL-A2566"]
[Site "www.playchess.de"]
[Date "2006.01.19"]
[Round "3"]
[White "lunchpail"]
[Black "Djusta"]
[WhiteElo "1330"]
[BlackElo "1271"]
[PlyCount "73"]
[Result "1-0"]

1.d4 d5 2.Nf3 Nc6 3.Nbd2 Nf6 4.e3 Bg4 5.c4 e5 
6.Qb3 b6 7.cxd5 Bxf3 8.Nxf3 Qxd5 9.Bc4 Na5 10.Bxd5 
Nxb3 11.Bxb3 Bb4+ 12.Bd2 Bxd2+ 13.Nxd2 exd4 
14.Ba4+ Nd7 15.exd4 O-O-O 16.O-O-O Nf6 17.Nf3 Ng4 
18.Rhf1 Rd5 19.h3 Nf6 20.Bb3 Rd7 21.Ne5 Re7 22.Bc4 
Rf8 23.Ba6+ Kd8 24.Nc6+ Kd7 25.Nxe7 Kxe7 26.Rfe1+ 
Kd6 27.Bc4 c6 28.f3 b5 29.Bb3 a5 30.a3 a4 31.Ba2 
Nd5 32.Bxd5 cxd5 33.Re5 f6 34.Re2 g5 35.Rde1 Rf7 
36.R2e6+ Kc7 37.R6e7+ 1-0

[Event "ACL-M080"]
[Site "www.playchess.de"]
[Date "2006.01.19"]
[Round "12"]
[White "Nosferatu"]
[Black "TheWiseBaboon"]
[WhiteElo "2154"]
[BlackElo "2204"]
[PlyCount "64"]
[Result "0-1"]

1.d4 {
Hi and good luck from germany ;-)}  Nf6 {Greetings 
from Sofia, Bulgaria! Good luck!}  2.c4 {Hey, we 
spent our holidays in bulgaria this year! We've 
been at Sunny Beach in august :-)}  e6 {I'm 
curious what is your impression?}  3.Nf3 {All was 
very fine there, but I think this is due to the 
fact that sunny beach is a pure tourist place. In 
other places there may be more problems. 
Nevertheless, the place was perfect for the 
children and I think Bulgaria will be worth 
another trip.}  Bb4+ {I am glad you enjoyed your 
stay. You are right, Sunny Beach is a kind of huge 
special industrial (tourist industry) zone. It was 
built in the 60's with the purpose to meet the 
needs of the mass tourism in the former Soviet 
block.}  4.Bd2 {I've been there as a child in the 
70s. Today it is no more comparable to these days. 
Everything has transformed into a "holiday 
paradise" like many places in spain for example.  
Let me ask another question: What about chess: Do 
you play in a chess club?}  c5 {Well, if you mean 
over-the-board chess I am for the most part this 
kind of player. I don't play many correspondance 
games - just a few to keep in shape. What about 
you?}  5.Bxb4 {I am playing in a chess club. DWZ 
ist about 1870 (do you have a national rating or 
ELO) and I use the correspomdance games on 
playchess to keep my knowledge on openings and 
endgames up to date and to train my analysis 
skills.}  cxb4 {I also play for a chees club. In 
2004 I played 3rd board for a club called "Hemus", 
we won 5th place in the national championship (1st 
division). My current FIDE ELO is approximately 
2150. I also use my correspondence games to study 
new openings...}  6.e3 O-O 7.Be2 d6 8.O-O a5 
9.Nbd2 b6 10.Ng5 Bb7 11.Bf3 Qc7 12.Rc1 Nbd7 
13.Bxb7 Qxb7 14.Qf3 Qc7 15.Rc2 Rac8 16.Rfc1 b5 
17.c5 dxc5 18.dxc5 Ne5 19.Qe2 Rcd8 20.Nde4 Nxe4 
21.Nxe4 Rd5 22.Rd2 Qc6 23.Rxd5 Qxd5 24.Nd6 Qxa2 
25.c6 Nxc6 26.Rxc6 Qb1+ 27.Qf1 Qxb2 28.Nxb5 a4 
29.Nd6 a3 30.Rc1 a2 31.Nc4 Qb3 32.h4 
h6 0-1

[Event "HCL-C3969"]
[Site "www.playchess.de"]
[Date "2006.01.19"]
[Round "10"]
[White "darknight"]
[Black "Bense"]
[WhiteElo "1060"]
[BlackElo "1051"]
[PlyCount "80"]
[Result "0-1"]

1.Nf3 f6 2.Nc3 e5 3.Ne4 d5 4.Nc3 Ne7 5.e4 dxe4 
6.Nxe4 Nbc6 7.Nh4 Nd5 8.Qh5+ Ke7 9.Nf5+ Kd7 
10.Qf7+ Nce7 11.Bb5+ c6 12.Nc5+ Kc7 13.Ne6+ Bxe6 
14.Qxe6 cxb5 15.Nxe7 Bxe7 16.Qf7 Rg8 17.a4 b4 
18.O-O Qd7 19.c4 Nf4 20.d3 Nxd3 21.Be3 Raf8 22.Qh5 
Nxb2 23.c5 Nxa4 24.Qf3 Nxc5 25.Rac1 b6 26.Rcd1 Qc6 
27.Qg4 Rfd8 28.Rxd8 Rxd8 29.Qxb4 a5 30.Qc4 a4 
31.Qf7 Rd7 32.Qxg7 Bd8 33.Qg3 Ne4 34.Qf3 b5 35.Ba7 
Nd2 36.Qd1 Nxf1 37.Qxf1 Qc2 38.g3 Rd1 39.Kg2 Rxf1 
40.Kxf1 a3 0-1

[Event "HCL-C3874"]
[Site "www.playchess.de"]
[Date "2006.01.19"]
[Round "12"]
[White "Milosforman"]
[Black "ernstig"]
[WhiteElo "1085"]
[BlackElo "595"]
[PlyCount "87"]
[Result "1-0"]

1.d4 d5 2.Nf3 c5 3.dxc5 Nc6 4.a3 e5 5.Bg5 Be7 
6.Bxe7 Qxe7 7.b4 Nf6 8.b5 e4 9.Nd4 O-O 10.bxc6 
bxc6 11.Nxc6 Qc7 12.Nb4 Qxc5 13.e3 Bg4 14.Be2 Bxe2 
15.Qxe2 Rfd8 16.h3 a5 17.Nd2 axb4 18.O-O bxa3 
19.Nb3 Qb4 20.Rfd1 Rac8 21.Rd4 Qc3 22.Rxa3 Rca8 
23.Rxa8 Rxa8 24.f3 Ra2 25.Qd2 Qxd2 26.Rxd2 exf3 
27.gxf3 g6 28.Nc5 Ra1+ 29.Kf2 h5 30.e4 Ra5 31.Nb7 
Rb5 32.Nd6 Rc5 33.exd5 Nxd5 34.Nb7 Rb5 35.Nd6 Ra5 
36.c4 Nf4 37.Rd4 Ra6 38.c5 Nxh3+ 39.Kg3 Ng1 40.Kf2 
Nh3+ 41.Kg2 Ng5 42.Rf4 Rc6 43.Rc4 Ne6 
44.Ne8 1-0

[Event "HCL-A2519"]
[Site "www.playchess.de"]
[Date "2006.01.19"]
[Round "11"]
[White "GED"]
[Black "talewisx"]
[WhiteElo "1431"]
[BlackElo "1254"]
[PlyCount "90"]
[Result "0-1"]

1.e4 {hello from liverpool, and good luck!}  c6 
{Hellow from California}  2.Nf3 d5 3.exd5 cxd5 
4.d4 Bf5 5.Bb5+ Bd7 6.Bxd7+ Nxd7 7.O-O Ngf6 8.Re1 
e6 9.Bg5 Be7 10.Nbd2 O-O 11.c4 h6 12.Bh4 g5 13.Bg3 
Qb6 14.Qc2 g4 15.Ne5 Qxd4 16.Rad1 Rac8 17.Ne4 Qb6 
18.Nxf6+ Nxf6 19.Bh4 Rc7 20.Ng6 fxg6 21.Qxg6+ Kh8 
22.Qxh6+ Kg8 23.Qg6+ Kh8 24.Qh6+ Nh7 25.Bg3 Rf6 
26.Be5 Qxf2+ 27.Kh1 Kg8 28.Bxf6 Qxf6 29.Rxe6 Qxh6 
30.Rxh6 Rxc4 31.Re6 Re4 32.Rg6+ Kf7 33.Rh6 Nf6 
34.Rh4 d4 35.Rf1 d3 36.Rh7+ Ke8 37.Rh8+ Kd7 38.Rd1 
Re3 39.Kg1 Ne4 40.Rh5 Ke6 41.Rh6+ Kf5 42.Rh7 d2 
43.Rf7+ Ke6 44.Rff1 Bc5 45.Kh1 
Re2 0-1

[Event "HCL-C3946"]
[Site "www.playchess.de"]
[Date "2006.01.19"]
[Round "7"]
[White "ernstig"]
[Black "Farquhart"]
[WhiteElo "704"]
[BlackElo "800"]
[PlyCount "64"]
[Result "0-1"]

1.d4 d5 2.c4 dxc4 3.e4 e6 4.Bxc4 Bb4+ 5.Nc3 Nf6 
6.e5 Nfd7 7.Nf3 Nb6 8.Bd3 Nd5 9.Bd2 O-O 10.Nxd5 
exd5 11.Bxb4 Re8 12.O-O Nc6 13.a3 a5 14.Bd2 Bd7 
15.Bg5 f6 16.exf6 gxf6 17.Bh4 a4 18.Qc2 Ne7 
19.Bxf6 Rf8 20.Bxh7+ Kf7 21.Ng5+ Kxf6 22.Nf3 Bf5 
23.Bxf5 Nxf5 24.Rfe1 Ra6 25.Re5 Nxd4 26.Qd3 Nc6 
27.Rf5+ Ke6 28.Re1+ Kd6 29.Rxf8 Qxf8 30.Qg6+ Kd7 
31.Qg4+ Kd8 32.Ng5 Qf6 0-1

[Event "HCL-B3823"]
[Site "www.playchess.de"]
[Date "2006.01.19"]
[Round "3"]
[White "bob19"]
[Black "val2005"]
[WhiteElo "1399"]
[BlackElo "1512"]
[PlyCount "56"]
[Result "0-1"]

1.d4 Nf6 2.c4 e6 3.Nf3 d5 4.e3 Be7 5.Nc3 c5 6.Be2 
O-O 7.O-O Nc6 8.a3 a6 9.Qc2 dxc4 10.Bxc4 cxd4 
11.Rd1 e5 12.h3 b5 13.Ba2 Bb7 14.exd4 Nxd4 15.Nxd4 
exd4 16.Ne2 Rc8 17.Qd3 Qb6 18.Bg5 Be4 19.Qxd4 Bc5 
20.Qe5 Bxf2+ 21.Kh1 Rc5 22.Qf4 Rf5 23.Qd2 Qb7 
24.Bxf6 Bxg2+ 25.Kh2 Rxf6 26.Nf4 Qf3 27.Nxg2 Qg3+ 
28.Kh1 Qxh3+ 0-1

[Event "HCL-M864"]
[Site "www.playchess.de"]
[Date "2006.01.19"]
[Round "10"]
[White "aldo"]
[Black "Nigel"]
[WhiteElo "1869"]
[BlackElo "2126"]
[PlyCount "52"]
[Result "0-1"]

1.d4 Nf6 2.c4 e6 3.Nf3 d5 4.Nc3 Bb4 5.Bg5 dxc4 
6.e4 h6 7.Bxf6 Qxf6 8.Qa4+ Nc6 9.Ne5 Bd7 10.Nxd7 
Qxd4 11.Qc2 Bxc3+ 12.bxc3 Nb4 13.cxd4 Nxc2+ 14.Kd2 
Nxa1 15.Ne5 b5 16.Be2 Rd8 17.Rxa1 Rxd4+ 18.Ke3 Rd6 
19.Rb1 Rb6 20.Kd4 O-O 21.Kc5 Rd8 22.Nf3 a6 23.a4 
bxa4 24.Rxb6 cxb6+ 25.Kxb6 c3 26.Ne1 
a3 0-1

[Event "HCL-B3763"]
[Site "www.playchess.de"]
[Date "2006.01.19"]
[Round "2"]
[White "kylejmiles"]
[Black "unclcarle"]
[WhiteElo "1448"]
[BlackElo "1099"]
[PlyCount "43"]
[Result "1-0"]

1.e4 d5 2.exd5 Qxd5 3.Nc3 Qe5+ 4.Be2 b6 5.d4 Qe6 
6.Nf3 h6 7.Bf4 Qc6 8.O-O Nf6 9.Ne5 Qe6 10.Bc4 Nd5 
11.Bxd5 Qf5 12.Bxf7+ Kd8 13.Bd5 c6 14.Nxc6+ Nxc6 
15.Bxc6 Rb8 16.Bxb8 Qg6 17.Qf3 e6 18.Bxa7 e5 
19.Bxb6+ Ke7 20.Nd5+ Kd6 21.Bc5+ Ke6 
22.Nc7+ 1-0

[Event "HCL-B3641"]
[Site "www.playchess.de"]
[Date "2006.01.19"]
[Round "18"]
[White "schachsky"]
[Black "bossjos"]
[WhiteElo "1173"]
[BlackElo "1341"]
[PlyCount "63"]
[Result "1-0"]

1.e4 {Hallo; tijdje terug alweer.Prettige partij!} 
 e5 {leuk je weer tegen te komen}  2.Nf3 {Ja 
wederzijds; de volhouders kom je vanzelf weer eens 
tegen na een tijdje -:)}  Nc6 3.d4 exd4 4.Nxd4 Bc5 
5.Be3 Nxd4 6.Bxd4 Bxd4 7.Qxd4 {dat ruimt lekker 
snel op!}  Nf6 8.Nc3 O-O {rare stelling}  9.O-O-O 
{tja, we hebben hem toch zelf tot stand gebracht 
-:)}  d6 10.f4 Bg4 11.Re1 c5 12.Qf2 Qb6 13.f5 Rfe8 
14.h3 Bxf5 15.Qxf5 Re5 16.Qf3 Rae8 17.Bd3 d5 
18.Bb5 {ziet er niet lekker uit ...}  R8e6 19.Bd3 
d4 {het is maar een spelletje}  20.Nd1 {maar 
spelletjes winnen is ook leuk !}  a5 21.Bc4 Rd6 
22.c3 Qc7 23.g4 Qd7 24.Rhf1 b5 25.Qf4 bxc4 26.Qxe5 
d3 27.Kb1 d2 28.Re2 h6 29.Qxc5 Rc6 30.Qe3 Rd6 
31.Rff2 Rd3 32.Rexd2 1-0

[Event "HCL-T247"]
[Site "www.playchess.de"]
[Date "2006.01.20"]
[Round "9"]
[White "Cramneck"]
[Black "Mr_Bill"]
[WhiteElo "1927"]
[BlackElo "1625"]
[PlyCount "53"]
[Result "1-0"]

1.d4 f5 2.c4 Nf6 3.Nc3 {Hi. Good to meet you.}  e6 
4.Nf3 g6 {I think I've learned from this tourney 
that I REALLY hate the Dutch defense!}  5.g3 {I 
know the feeling.}  Bg7 6.Bg2 O-O 7.O-O d6 8.Qb3 
Nc6 9.d5 exd5 10.cxd5 Ne5 11.Nd4 Qe7 12.Bg5 h6 
13.Bxf6 Bxf6 14.Rac1 a6 15.e3 Nd3 16.Rcd1 Nc5 
17.Qc2 a5 18.b3 Bd7 19.Rd2 {Sorry for delay.}  g5 
{you're just trying to get me to forget my plan 
(and it worked!)  :)}  20.a3 {My problem is 
finding a plan!! Merry Christmas to you.}  h5 
21.b4 Na6 22.Qb3 f4 23.exf4 axb4 24.axb4 gxf4 
25.Ne4 Bxd4 26.Rxd4 h4 27.b5 1-0

[Event "HCL-B3782"]
[Site "www.playchess.de"]
[Date "2006.01.20"]
[Round "16"]
[White "Herbert_Pjede"]
[Black "SMLooking"]
[WhiteElo "1379"]
[BlackElo "1392"]
[PlyCount "77"]
[Result "1-0"]

1.e4 e5 2.Nf3 Nc6 3.Bb5 a6 4.Bxc6 dxc6 5.O-O Bg4 
6.h3 Bxf3 7.Qxf3 Nf6 8.d3 Be7 9.Qg3 g6 10.Qxe5 O-O 
11.Qg3 Nh5 12.Qf3 Bg5 13.Nc3 Bxc1 14.Raxc1 Qf6 
15.Qxf6 Nxf6 16.g4 Rad8 17.f4 Rd4 18.Kf2 Rfd8 
19.g5 Nh5 20.Ke3 b5 21.Nd5 Rxe4+ 22.dxe4 cxd5 
23.exd5 Rxd5 24.c4 Rd7 25.cxb5 axb5 26.Rfd1 Re7+ 
27.Kf3 f6 28.Rd8+ Kf7 29.Rc8 fxg5 30.fxg5 Ng7 
31.R1xc7 Rxc7 32.Rxc7+ Kf8 33.Rxg7 Kxg7 34.Ke4 Kf7 
35.Ke5 Ke7 36.a3 Kf7 37.b3 Ke7 38.a4 bxa4 
39.bxa4 1-0